000 00492nam a2200181Ia 4500
005 20250326124232.0
008 250326s9999 xx 000 0 und d
037 _aTextbook
040 _aFMSL
_beng
_cFMSL
041 _aeng
_2eng
084 _aX:513 K2
_qFMSL
100 _aSandage C H
245 0 _aRole of advertising: book of readings
_cSandage C H
260 _aUSA
_bUSA, Richard D Irwin
_c1962
300 _a499p
942 _cTB
_hX:513 K2
999 _c1272881
_d1272881